Chemistry, the central science, thirteenth edition : (Record no. 30411)
[ view plain ]
| 000 -LEADER | |
|---|---|
| fixed length control field | 00593mam a2200193 a 4500 |
| 003 - CONTROL NUMBER IDENTIFIER | |
| control field | NUST |
| 020 ## - INTERNATIONAL STANDARD BOOK NUMBER | |
| International Standard Book Number | 1292057718 |
| 038 ## - RECORD CONTENT LICENSOR | |
| Staff Name | SNS Library Staff |
| 082 ## - DEWEY DECIMAL CLASSIFICATION NUMBER | |
| Classification number | 540 |
| Author Mark | BRO |
| 100 1# - MAIN ENTRY--PERSONAL NAME | |
| Personal name | Brown, Theodore L. |
| 9 (RLIN) | 31539 |
| 245 10 - TITLE STATEMENT | |
| Title | Chemistry, the central science, thirteenth edition : |
| 250 ## - EDITION STATEMENT | |
| Edition statement | 13th ed. |
| 260 ## - PUBLICATION, DISTRIBUTION, ETC. | |
| Place of publication, distribution, etc. | Boston |
| Name of publisher, distributor, etc. | Pearson Education |
| Date of publication, distribution, etc. | c2015. |
| 300 ## - PHYSICAL DESCRIPTION | |
| Extent | 1 volume (various pagings) : 29 cm |
| Other physical details | color ill. ; |
| 440 ## - SERIES STATEMENT/ADDED ENTRY--TITLE | |
| Title | Chemistry, the central science, thirteenth edition |
| 9 (RLIN) | 31540 |
| 650 #0 - SUBJECT ADDED ENTRY--TOPICAL TERM | |
| Topical term or geographic name entry element | Chemistry. |
| 700 1# - ADDED ENTRY--PERSONAL NAME | |
| Personal name | LeMay, H. Eugene |
| 9 (RLIN) | 31541 |
| 942 ## - ADDED ENTRY ELEMENTS (KOHA) | |
| Koha item type | Book |
| Source of classification or shelving scheme | |
| Edition | 13th |
| Call number prefix | 540 BRO |
| Withdrawn status | Lost status | Source of classification or shelving scheme | Damaged status | Not for loan | Permanent Location | Current Location | Shelving location | Date acquired | Full call number | Barcode | Date last seen | Price effective from | Koha item type | Total Checkouts | Total Renewals | Date last checked out |
|---|---|---|---|---|---|---|---|---|---|---|---|---|---|---|---|---|
| School of Natural Sciences (SNS) | School of Natural Sciences (SNS) | Book Cart | 09/22/2016 | 540 BRO | SNS0002236 | 09/21/2017 | 09/22/2016 | Book | ||||||||
| School of Natural Sciences (SNS) | School of Natural Sciences (SNS) | Book Cart | 09/22/2016 | 540 BRO | SNS0002237 | 08/26/2024 | 09/22/2016 | Book | 7 | 1 | 07/31/2024 | |||||
| Not For Loan | School of Natural Sciences (SNS) | School of Natural Sciences (SNS) | Reference | 09/22/2016 | 540 BRO | SNS0002238 | 06/30/2021 | 09/22/2016 | Book | 1 | 10/11/2017 | |||||
| School of Natural Sciences (SNS) | School of Natural Sciences (SNS) | Book Cart | 09/22/2016 | 540 BRO | SNS0002239 | 01/16/2024 | 09/22/2016 | Book | 3 | 07/20/2023 | ||||||
| School of Natural Sciences (SNS) | School of Natural Sciences (SNS) | Book Cart | 09/22/2016 | 540 BRO | SNS0002235 | 09/15/2023 | 01/05/2017 | Book | 6 | 06/02/2023 |
